[Event "X Torneo Leonardo di Bona A"]
[Site "Cutro ITA"]
[Date "2004.04.26"]
[Round "4"]
[White "Wohl, Aleksandar H."]
[Black "Ernst, Thomas"]
[Result "0-1"]
[WhiteElo "2399"]
[BlackElo "2464"]
[PlyCount "108"]
[EventDate "2004.04.23"]

1. e4 c5 2. Ne2 Nc6 3. Nbc3 Nf6 4. g3 e5 5. Bg2 d6 6. d3 Be7 7. h3 b6 8. O-O
Bb7 9. f4 Qd7 10. a3 Nd4 11. g4 h6 12. Ng3 exf4 13. Bxf4 O-O 14. Qd2 Nh7 15.
Nf5 Nxf5 16. gxf5 Bg5 17. Bxg5 Nxg5 18. h4 Nh7 19. f6 Nxf6 20. Rxf6 gxf6 21.
Kh2 Qg4 22. Qxh6 Qg6 23. Qf4 Kh8 24. Rg1 Rg8 25. Ne2 Qh5 26. Qxf6+ Kh7 27. Ng3
Qe5 28. Qxf7+ Rg7 29. Qf5+ Kh8 30. Qxe5 dxe5 31. Nf5 Rg6 32. Rf1 Rag8 33. Bh3
Rf6 34. Re1 Bc8 35. Re2 Be6 36. Ne7 Rg7 37. Bxe6 Rxe7 38. Bf5 Rg7 39. a4 Rh6
40. Kh3 Rg1 41. Rh2 Kg7 42. b3 a5 43. Rf2 Rh1+ 44. Kg3 R1xh4 45. c3 Rh1 46. b4
Rd6 47. bxc5 bxc5 48. d4 cxd4 49. cxd4 Rxd4 50. Rc2 Rxa4 51. Rc7+ Kf6 52. Rc6+
Kg5 53. Rg6+ Kh5 54. Re6 Ra3+ 0-1

[Event "X Torneo Leonardo di Bona A"]
[Site "Cutro ITA"]
[Date "2004.04.27"]
[Round "5"]
[White "Antoniacci, Riccardo"]
[Black "Cetkovic, Sergio"]
[Result "0-1"]
[WhiteElo "2048"]
[BlackElo "2122"]
[PlyCount "44"]
[EventDate "2004.04.23"]

1. e4 e5 2. Bc4 Nc6 3. f4 Nf6 4. Nc3 Bc5 5. Nf3 d6 6. d3 O-O 7. f5 Nd4 8. Bg5
c6 9. Nxd4 Bxd4 10. Bb3 b5 11. Qf3 a5 12. a4 Bb7 13. g4 b4 14. Nd1 d5 15. c3
dxe4 16. dxe4 bxc3 17. bxc3 Ba7 18. Ne3 Qd3 19. Bxf6 Qxc3+ 20. Kf2 gxf6 21.
Rab1 Qd2+ 22. Qe2 Bxe3+ 0-1

[Event "X Torneo Leonardo di Bona A"]
[Site "Cutro ITA"]
[Date "2004.04.27"]
[Round "5"]
[White "Armentano, Alessio"]
[Black "Cordi', Domenico"]
[Result "1-0"]
[WhiteElo "1991"]
[BlackElo "2059"]
[PlyCount "73"]
[EventDate "2004.04.23"]

1. e4 c5 2. Nc3 d6 3. g3 Nf6 4. Bg2 g6 5. f4 Bg7 6. Nf3 Nc6 7. O-O O-O 8. d3
Bg4 9. h3 Bxf3 10. Bxf3 Nd4 11. Bg2 e6 12. Be3 Rb8 13. Rb1 b5 14. Ne2 Nd7 15.
c3 Nxe2+ 16. Qxe2 b4 17. c4 Qa5 18. b3 Rbe8 19. g4 d5 20. Kh1 dxe4 21. dxe4 f5
22. e5 fxg4 23. hxg4 g5 24. Be4 Re7 25. Qh2 Bh8 26. Rf3 Qc7 27. Rh3 Rff7 28.
Rh5 gxf4 29. Bxf4 Nf8 30. Rg1 Rd7 31. g5 Rxf4 32. Qxf4 Bxe5 33. Qg4 Rd4 34. Qf3
Bg7 35. Bb1 Rf4 36. Qa8 Kf7 37. Bxh7 1-0

[Event "X Torneo Leonardo di Bona A"]
[Site "Cutro ITA"]
[Date "2004.04.27"]
[Round "5"]
[White "Bentivegna, Francesco"]
[Black "Janev, Evgeni"]
[Result "1/2-1/2"]
[WhiteElo "2258"]
[BlackElo "2405"]
[PlyCount "58"]
[EventDate "2004.04.23"]

1. e4 Nf6 2. Nc3 e5 3. Nf3 d6 4. d4 Nbd7 5. g4 Nxg4 6. Rg1 exd4 7. Bg5 Ngf6 8.
Qxd4 h6 9. Be3 Nc5 10. O-O-O Ng4 11. e5 Nxe3 12. Qxe3 Ne6 13. Kb1 Be7 14. Nd5
Bg5 15. Nxg5 hxg5 16. exd6 cxd6 17. f4 gxf4 18. Nxf4 Qb6 19. Qg3 Nxf4 20. Qxf4
Be6 21. Rxg7 O-O-O 22. h4 Kb8 23. Be2 Qa5 24. b3 Qe5 25. Qxe5 dxe5 26. Rxd8+
Rxd8 27. Bc4 Bxc4 28. bxc4 f5 29. Rg5 Rd1+ 1/2-1/2

[Event "X Torneo Leonardo di Bona A"]
[Site "Cutro ITA"]
[Date "2004.04.27"]
[Round "5"]
[White "Blasco, Domenico"]
[Black "Naalden, Marc"]
[Result "1-0"]
[WhiteElo "2032"]
[BlackElo "2068"]
[PlyCount "37"]
[EventDate "2004.04.23"]

1. d4 f5 2. Bg5 c6 3. e3 Qb6 4. Qc1 h6 5. Bh4 g5 6. Bg3 Bg7 7. Nf3 d6 8. Nbd2
Be6 9. Bd3 Nd7 10. c3 Ngf6 11. Qc2 O-O-O 12. O-O f4 13. exf4 Nh5 14. fxg5 Nxg3
15. fxg3 hxg5 16. Nxg5 Bxd4+ 17. cxd4 Qxd4+ 18. Rf2 Rxh2 19. Ndf3 1-0

[Event "X Torneo Leonardo di Bona A"]
[Site "Cutro ITA"]
[Date "2004.04.27"]
[Round "5"]
[White "Contin, Daniel"]
[Black "Movsziszian, Karen"]
[Result "0-1"]
[WhiteElo "2401"]
[BlackElo "2511"]
[PlyCount "80"]
[EventDate "2004.04.23"]

1. c4 g6 2. Nc3 Bg7 3. g3 d6 4. Bg2 e5 5. b4 f5 6. Rb1 Nf6 7. d3 h6 8. e3 O-O
9. Nge2 a6 10. O-O c6 11. f4 Be6 12. fxe5 dxe5 13. e4 b5 14. c5 Ra7 15. Bh3 Qc8
16. Qc2 Raf7 17. exf5 gxf5 18. d4 e4 19. Be3 h5 20. Qd2 Ng4 21. Bxg4 hxg4 22.
Nf4 Bc4 23. Rf2 Rd8 24. Rd1 Nd7 25. Nh5 Bh8 26. Bg5 Re8 27. Re1 Nf8 28. d5 cxd5
29. Nxd5 Qc6 30. Nhf4 Rd7 31. Rd1 e3 32. Nxe3 Rxd2 33. Rfxd2 Rxe3 34. Rd8 Qe4
35. Rxf8+ Kxf8 36. Rd8+ Kg7 37. Nh5+ Kg6 38. Nf4+ Kxg5 39. Rxh8 Re1+ 40. Kf2
Rf1# 0-1

[Event "X Torneo Leonardo di Bona A"]
[Site "Cutro ITA"]
[Date "2004.04.27"]
[Round "5"]
[White "Del Rio Angelis, Salvador Gabriel"]
[Black "Garcia Palermo, Carlos Horacio"]
[Result "1/2-1/2"]
[WhiteElo "2506"]
[BlackElo "2444"]
[PlyCount "25"]
[EventDate "2004.04.23"]

1. e4 c6 2. d4 d5 3. exd5 cxd5 4. c4 Nf6 5. Nc3 e6 6. Nf3 Bb4 7. cxd5 exd5 8.
Qa4+ Nc6 9. Bb5 O-O 10. Bxc6 Bxc3+ 11. bxc3 bxc6 12. O-O Bd7 13. Bg5 1/2-1/2

[Event "X Torneo Leonardo di Bona A"]
[Site "Cutro ITA"]
[Date "2004.04.27"]
[Round "5"]
[White "Djuric, Stefan"]
[Black "Epishin, Vladimir V."]
[Result "0-1"]
[WhiteElo "2518"]
[BlackElo "2610"]
[PlyCount "52"]
[EventDate "2004.04.23"]

1. e4 c5 2. Nf3 e6 3. Nc3 a6 4. g3 b5 5. Bg2 Bb7 6. d4 Nf6 7. e5 cxd4 8. Ne2
Nd5 9. O-O Nc6 10. Nexd4 Nxd4 11. Nxd4 Qc7 12. Re1 Bc5 13. c3 O-O 14. a4 Qb6
15. axb5 axb5 16. Rxa8 Rxa8 17. Be4 b4 18. Qd3 h6 19. Bd2 Ra4 20. Rb1 Bxd4 21.
cxd4 b3 22. Be3 Nb4 23. Bh7+ Kh8 24. Qxb3 Qc6 25. d5 Nxd5 26. Be4 Rxe4 0-1

[Event "X Torneo Leonardo di Bona A"]
[Site "Cutro ITA"]
[Date "2004.04.27"]
[Round "5"]
[White "Ernst, Thomas"]
[Black "Zelcic, Robert"]
[Result "0-1"]
[WhiteElo "2464"]
[BlackElo "2509"]
[PlyCount "118"]
[EventDate "2004.04.23"]

1. e4 c6 2. d4 d5 3. Nd2 dxe4 4. Nxe4 Bf5 5. Ng3 Bg6 6. h4 h6 7. Nf3 e6 8. h5
Bh7 9. Bd3 Bxd3 10. Qxd3 Nf6 11. Bf4 Qa5+ 12. Bd2 Bb4 13. c3 Bd6 14. c4 Qa6 15.
Ne5 c5 16. Bc3 cxd4 17. Bxd4 Qa5+ 18. Bc3 Bb4 19. Bxb4 Qxb4+ 20. Qd2 Qc5 21.
Nd3 Qc6 22. O-O O-O 23. Ne5 Qc7 24. Qe3 Nc6 25. Nxc6 Qxc6 26. b3 a5 27. Rad1 a4
28. Rd2 axb3 29. axb3 Ra5 30. Qe2 Rg5 31. Rfd1 Nxh5 32. Qxh5 Rxh5 33. Nxh5 Ra8
34. Ng3 Kh7 35. Ne2 Ra3 36. Nd4 Qa6 37. Rd3 Ra1 38. Rxa1 Qxa1+ 39. Kh2 Qb1 40.
Re3 Qb2 41. Ne2 e5 42. g4 h5 43. gxh5 f5 44. Kg2 Kh6 45. Ng1 Kxh5 46. Re2 Qd4
47. f3 Kg6 48. Nh3 Kf6 49. Nf2 Qc3 50. c5 Qxc5 51. Rd2 g5 52. Kf1 Qb5+ 53. Rd3
g4 54. Kg2 Qc6 55. Kg3 gxf3 56. Rxf3 f4+ 57. Kg2 Kf5 58. Nd3 Qc2+ 59. Nf2 e4
0-1

[Event "X Torneo Leonardo di Bona A"]
[Site "Cutro ITA"]
[Date "2004.04.27"]
[Round "5"]
[White "Kotronias, Vasilios"]
[Black "Drasko, Milan"]
[Result "1-0"]
[WhiteElo "2607"]
[BlackElo "2464"]
[PlyCount "107"]
[EventDate "2004.04.23"]

1. e4 e6 2. d4 d5 3. Nd2 Be7 4. Bd3 c5 5. dxc5 Nf6 6. Qe2 Nc6 7. Ngf3 O-O 8.
O-O a5 9. a4 Nb4 10. Nb3 b6 11. e5 Nd7 12. c6 Nxc6 13. Rd1 Qc7 14. Bf4 Nb4 15.
Bb5 Qxc2 16. Qxc2 Nxc2 17. Rac1 Nb4 18. Rxc8 Rfxc8 19. Bxd7 Rc2 20. Rd2 Rxd2
21. Bxd2 Nd3 22. Bc3 Bb4 23. Bd4 Nc5 24. Nxc5 bxc5 25. Bc3 Rb8 26. Bb5 Bxc3 27.
bxc3 f6 28. Kf1 Kf7 29. c4 Ke7 30. Ke2 Rf8 31. h4 fxe5 32. Nxe5 Kd6 33. Nc6 Ra8
34. f4 g6 35. g3 Kc7 36. Ne5 Kd6 37. Nf7+ Ke7 38. Ng5 Rd8 39. cxd5 exd5 40.
Nxh7 c4 41. Ng5 Rc8 42. Kd2 Kd6 43. Kc3 Rc7 44. Nf3 Kc5 45. Ne5 Re7 46. g4 Rh7
47. Nxg6 d4+ 48. Kd2 Kb4 49. h5 d3 50. Ne5 c3+ 51. Kc1 d2+ 52. Kc2 Rh6 53. Nd3+
Ka3 54. Nf2 1-0

[Event "X Torneo Leonardo di Bona A"]
[Site "Cutro ITA"]
[Date "2004.04.27"]
[Round "5"]
[White "Lazic, Miroljub"]
[Black "Tirard, Hugo"]
[Result "0-1"]
[WhiteElo "2481"]
[BlackElo "2444"]
[PlyCount "50"]
[EventDate "2004.04.23"]

1. Nf3 c5 2. b3 Nc6 3. Bb2 e6 4. e3 Nf6 5. c4 Be7 6. Nc3 O-O 7. d4 cxd4 8. Nxd4
d5 9. cxd5 Nxd5 10. Nxc6 bxc6 11. e4 Nxc3 12. Bxc3 a5 13. Qg4 e5 14. Qg3 a4 15.
Bc4 Bh4 16. Qxe5 Bf6 17. Qg3 axb3 18. Bxb3 Ba6 19. Rd1 Qe7 20. Bxf6 Qxf6 21. e5
Qf5 22. f4 c5 23. Bd5 Rab8 24. Qf3 Rb2 25. Be4 Qxf4 0-1

[Event "X Torneo Leonardo di Bona A"]
[Site "Cutro ITA"]
[Date "2004.04.27"]
[Round "5"]
[White "Miladinovic, Igor"]
[Black "Blagojevic, Dragisa"]
[Result "0-1"]
[WhiteElo "2614"]
[BlackElo "2514"]
[PlyCount "98"]
[EventDate "2004.04.23"]

1. d4 d5 2. c4 e6 3. Nc3 Nf6 4. cxd5 exd5 5. Bg5 c6 6. e3 Bf5 7. Qf3 Be6 8.
Bxf6 Qxf6 9. Qxf6 gxf6 10. Bd3 Nd7 11. Nge2 Nb6 12. f3 f5 13. Kf2 Bd6 14. h3 h5
15. h4 Ke7 16. Nf4 Nd7 17. Nce2 Nf8 18. Ng3 Ng6 19. Ngxh5 Bxf4 20. Nxf4 Nxh4
21. Bc2 Ng6 22. Nh5 a5 23. f4 Bd7 24. g4 fxg4 25. f5 Nf8 26. f6+ Kd6 27. Ng7
Ne6 28. Nf5+ Kc7 29. Kg3 Rae8 30. Raf1 Ng5 31. Ne7 Rh3+ 32. Rxh3 gxh3 33. Kf4
Ne6+ 34. Kg3 Rh8 35. Bf5 Ng5 36. Kh2 Bxf5 37. Rxf5 Ne4 38. Rf3 Rh6 39. Nf5 Rxf6
40. Nh4 Rxf3 41. Nxf3 Nf2 42. b3 Kb6 43. Ne5 Nd1 44. Nxf7 Nxe3 45. Ng5 c5 46.
Kxh3 cxd4 47. Kg3 d3 48. Nf3 Kc5 49. Kf4 Nf1 0-1

[Event "X Torneo Leonardo di Bona A"]
[Site "Cutro ITA"]
[Date "2004.04.27"]
[Round "5"]
[White "Napoli, Nicolo'"]
[Black "Mrdja, Milan"]
[Result "0-1"]
[WhiteElo "2127"]
[BlackElo "2405"]
[PlyCount "73"]
[EventDate "2004.04.23"]

1. e4 g6 2. d4 Bg7 3. Nc3 d6 4. f4 Nd7 5. Nf3 e6 6. Bd3 Ne7 7. O-O c5 8. Nb5
Qb6 9. f5 a6 10. Nxd6+ Qxd6 11. e5 Qc7 12. f6 Nxf6 13. exf6 Bxf6 14. Ng5 Nf5
15. Bxf5 gxf5 16. c3 b6 17. d5 h6 18. Nh3 e5 19. Re1 Qd6 20. Bf4 Kf8 21. Bc1
Bd7 22. Qf3 Bg7 23. c4 Rc8 24. b3 Qg6 25. Qe2 Kg8 26. Bb2 f6 27. Kh1 Kh7 28.
Rad1 Rhg8 29. Rd3 f4 30. Nf2 f5 31. Nh3 Rce8 32. Rd2 Bf6 33. Qf1 b5 34. Rde2
Qg7 35. b4 f3 36. Qxf3 cxb4 37. Qf2 0-1

[Event "X Torneo Leonardo di Bona A"]
[Site "Cutro ITA"]
[Date "2004.04.27"]
[Round "5"]
[White "Ristic, Nenad"]
[Black "Brancaleoni, Maurizio"]
[Result "1-0"]
[WhiteElo "2447"]
[BlackElo "2296"]
[PlyCount "85"]
[EventDate "2004.04.23"]

1. e4 c6 2. c4 d5 3. cxd5 Nf6 4. dxc6 Nxc6 5. Nc3 e5 6. Bc4 Bc5 7. Nf3 O-O 8.
d3 h6 9. Be3 Qd6 10. a3 a6 11. Rc1 Bxe3 12. fxe3 Rd8 13. O-O Be6 14. Bxe6 fxe6
15. Ne1 Rac8 16. Rc2 Rc7 17. Rcf2 Rf7 18. Qf3 Rdf8 19. g4 Qc5 20. Qg3 Qb6 21.
h4 Nd7 22. Rxf7 Rxf7 23. Rxf7 Kxf7 24. Qf2+ Ke8 25. g5 hxg5 26. hxg5 Qd8 27.
Nf3 Nc5 28. d4 exd4 29. exd4 Nb3 30. d5 exd5 31. exd5 Nca5 32. Qh2 Qe7 33. Qb8+
Qd8 34. Qf4 Qb6+ 35. Kg2 Na1 36. b4 N5b3 37. Qe5+ Kf8 38. Qf5+ Ke8 39. Ne5 Qc7
40. g6 Nd4 41. Qf7+ Qxf7 42. gxf7+ Kf8 43. Ne4 1-0

[Event "X Torneo Leonardo di Bona A"]
[Site "Cutro ITA"]
[Date "2004.04.27"]
[Round "5"]
[White "Roeder, Matthias"]
[Black "Palac, Mladen"]
[Result "1/2-1/2"]
[WhiteElo "2457"]
[BlackElo "2565"]
[PlyCount "22"]
[EventDate "2004.04.23"]

1. d4 d5 2. c4 dxc4 3. Nf3 c5 4. e4 cxd4 5. Qxd4 Qxd4 6. Nxd4 Bd7 7. Bxc4 Nc6
8. Nxc6 Bxc6 9. Bd3 e6 10. Ke2 a6 11. f3 Bc5 1/2-1/2

[Event "X Torneo Leonardo di Bona A"]
[Site "Cutro ITA"]
[Date "2004.04.27"]
[Round "5"]
[White "Van Hoolandt, Patrick"]
[Black "Abatino, Maurizio"]
[Result "1-0"]
[WhiteElo "2237"]
[BlackElo "2224"]
[PlyCount "67"]
[EventDate "2004.04.23"]

1. c4 Nf6 2. Nc3 e6 3. e4 d5 4. e5 Ne4 5. Qc2 c5 6. Nf3 Nxc3 7. dxc3 Nc6 8. Bd3
dxc4 9. Bxc4 Qc7 10. Bf4 Bd7 11. O-O h6 12. Bg3 Be7 13. Rfe1 O-O-O 14. Nd2 g5
15. a3 h5 16. h3 h4 17. Bh2 g4 18. hxg4 Rdg8 19. Qe4 Nb8 20. Bf1 Bc6 21. Qe2
Rg7 22. b4 b6 23. b5 Bb7 24. c4 Rhg8 25. f3 a5 26. Ne4 Nd7 27. Nf2 Qd8 28. Rad1
Qc7 29. Rd3 Nf8 30. Ne4 Ba8 31. Nf6 Ng6 32. Red1 Rh8 33. Rd7 Qb8 34. Qd2 1-0

[Event "X Torneo Leonardo di Bona A"]
[Site "Cutro ITA"]
[Date "2004.04.27"]
[Round "5"]
[White "Wohl, Aleksandar H."]
[Black "Predojevic, Borki"]
[Result "0-1"]
[WhiteElo "2399"]
[BlackElo "2490"]
[PlyCount "94"]
[EventDate "2004.04.23"]

1. d4 Nf6 2. c4 g6 3. Nc3 d5 4. Nf3 Bg7 5. cxd5 Nxd5 6. h4 c5 7. e3 Nc6 8. h5
Bf5 9. Qb3 Ndb4 10. e4 Na5 11. Qa4+ Bd7 12. Bb5 Bxb5 13. Qxb5+ Nac6 14. O-O
cxd4 15. h6 Bf6 16. Nd5 Nxd5 17. exd5 a6 18. Qxb7 Na5 19. Qb4 Qxd5 20. Bf4 Nc6
21. Qb7 Ra7 22. Qb6 Qb5 23. Qxb5 axb5 24. Rfc1 Kd7 25. Rc5 Rha8 26. a3 b4 27.
Rac1 bxa3 28. bxa3 Nd8 29. Nxd4 Bxd4 30. Rd5+ Ke8 31. Rxd4 Ne6 32. Rdc4 Rxa3
33. Be5 f6 34. Bb2 R3a4 35. Rc8+ Kf7 36. R8c2 Ra2 37. Re1 Rb8 38. Rc6 Nd8 39.
Rc7 Ne6 40. Rc6 Nf8 41. Bd4 Rb7 42. g3 g5 43. Kg2 Ng6 44. Ree6 Rd7 45. Bxf6 Nf8
46. Rxe7+ Rxe7 47. Bxe7 Kxe7 0-1

[Event "X Torneo Leonardo di Bona A"]
[Site "Cutro ITA"]
[Date "2004.04.28"]
[Round "6"]
[White "Abatino, Maurizio"]
[Black "Straub, Peter"]
[Result "1/2-1/2"]
[WhiteElo "2224"]
[BlackElo "2109"]
[PlyCount "88"]
[EventDate "2004.04.23"]

1. d4 Nf6 2. c4 e6 3. Nc3 Bb4 4. e3 b6 5. Bd3 c5 6. Nf3 Bb7 7. O-O Bxc3 8. bxc3
Ne4 9. Ne1 f5 10. f3 Nf6 11. e4 g6 12. Bh6 Qe7 13. Qe2 Nc6 14. Nc2 O-O-O 15. e5
Ne8 16. Qe3 cxd4 17. cxd4 Qf7 18. Rfe1 Nc7 19. Rab1 Ne7 20. a4 Nc6 21. Nb4 Na5
22. Rec1 Kb8 23. Nc2 Rc8 24. Bf1 Ka8 25. Na3 Rhg8 26. Nb5 Nxb5 27. axb5 g5 28.
f4 gxf4 29. Bxf4 Qh5 30. Rb2 Qf3 31. Qxf3 Bxf3 32. Bg3 Bd5 33. Rb4 Rg4 34. Bf2
Kb8 35. Be3 f4 36. Bf2 Bxg2 37. Bxg2 Rcg8 38. c5 Rxg2+ 39. Kf1 Rxh2 40. Rc3 Rh5
41. cxb6 axb6 42. d5 Kb7 43. dxe6 Rxe5 44. exd7 Rd5 1/2-1/2

[Event "X Torneo Leonardo di Bona A"]
[Site "Cutro ITA"]
[Date "2004.04.28"]
[Round "6"]
[White "Brancaleoni, Maurizio"]
[Black "Armentano, Alessio"]
[Result "1-0"]
[WhiteElo "2296"]
[BlackElo "1991"]
[PlyCount "47"]
[EventDate "2004.04.23"]

1. e4 e5 2. Nf3 Nc6 3. Bb5 a6 4. Ba4 Nf6 5. O-O Nxe4 6. d4 b5 7. Bb3 d5 8. dxe5
Be6 9. Nbd2 Nxd2 10. Qxd2 Bc5 11. Qc3 Qe7 12. Bg5 Qf8 13. Be3 d4 14. Nxd4 Nxd4
15. Bxd4 Bxd4 16. Qc6+ Ke7 17. Qxc7+ Ke8 18. Qc6+ Ke7 19. Bxe6 Qd8 20. Bh3 Re8
21. Rad1 Qb6 22. Qd6+ Qxd6 23. exd6+ Kxd6 24. Rxd4+ 1-0

[Event "X Torneo Leonardo di Bona A"]
[Site "Cutro ITA"]
[Date "2004.04.28"]
[Round "6"]
[White "Cetkovic, Sergio"]
[Black "Wohl, Aleksandar H."]
[Result "0-1"]
[WhiteElo "2122"]
[BlackElo "2399"]
[PlyCount "72"]
[EventDate "2004.04.23"]

1. d4 g6 2. Nf3 Bg7 3. c3 d6 4. h3 Nd7 5. Bg5 Ngf6 6. Nbd2 O-O 7. e3 e5 8. Bc4
Qe7 9. dxe5 dxe5 10. e4 h6 11. Be3 b6 12. Qc2 Bb7 13. Nh2 Rad8 14. Ng4 Kh7 15.
O-O-O a6 16. Nxf6+ Nxf6 17. g4 b5 18. Be2 Qe6 19. Kb1 Rxd2 20. Qxd2 Bxe4+ 21.
Ka1 Bxh1 22. Rxh1 Nd5 23. Rd1 c6 24. Bc5 Rb8 25. Bf3 e4 26. Be2 a5 27. Bd4 Be5
28. Qc2 Bxd4 29. Rxd4 Rd8 30. a4 b4 31. Bc4 bxc3 32. bxc3 e3 33. Bxd5 cxd5 34.
fxe3 Qxe3 35. Rd3 Qc5 36. Qd2 Qa3+ 0-1

[Event "X Torneo Leonardo di Bona A"]
[Site "Cutro ITA"]
[Date "2004.04.28"]
[Round "6"]
[White "Contin, Daniel"]
[Black "Lazic, Miroljub"]
[Result "0-1"]
[WhiteElo "2401"]
[BlackElo "2481"]
[PlyCount "112"]
[EventDate "2004.04.23"]

1. c4 e5 2. Nc3 Nc6 3. g3 g6 4. Bg2 Bg7 5. e3 d6 6. Nge2 Be6 7. d4 Bd7 8. b3
Nge7 9. d5 Nb8 10. e4 Qc8 11. h4 f5 12. h5 O-O 13. Bg5 Qe8 14. hxg6 Nxg6 15.
exf5 Bxf5 16. Ne4 Nd7 17. N2c3 a6 18. Qh5 Nh8 19. Qh4 Nc5 20. Be3 Nxe4 21. Nxe4
Qg6 22. Bf3 Bf6 23. Nxf6+ Qxf6 24. Kd2 Qxh4 25. Rxh4 Ng6 26. Rh5 Ne7 27. Rg5+
Bg6 28. Be4 Rf7 29. Rh1 Raf8 30. Rh2 Rg7 31. Rg4 Bxe4 32. Rxg7+ Kxg7 33. Bh6+
Kg8 34. Bxf8 Kxf8 35. f4 exf4 36. gxf4 Bg6 37. Kc3 Kf7 38. Re2 h5 39. b4 Bf5
40. Kd4 Bg4 41. Rg2 Nf5+ 42. Ke4 Bf3+ 43. Kxf3 Nh4+ 44. Kg3 Nxg2 45. Kxg2 Kf6
46. a4 b6 47. a5 bxa5 48. bxa5 Kf5 49. Kg3 h4+ 50. Kxh4 Kxf4 51. Kh5 Ke4 52.
Kg5 Kd4 53. Kf5 Kxc4 54. Ke6 Kc5 55. Kd7 Kxd5 56. Kxc7 Kc5 0-1

[Event "X Torneo Leonardo di Bona A"]
[Site "Cutro ITA"]
[Date "2004.04.28"]
[Round "6"]
[White "Cordi', Domenico"]
[Black "Blasco, Domenico"]
[Result "1-0"]
[WhiteElo "2059"]
[BlackElo "2032"]
[PlyCount "149"]
[EventDate "2004.04.23"]

1. e4 g6 2. d4 Bg7 3. Nf3 c6 4. c4 d5 5. cxd5 cxd5 6. e5 Bg4 7. Qa4+ Nc6 8.
Nbd2 Nh6 9. h3 Bd7 10. Qb3 e6 11. g4 O-O 12. Rg1 Rc8 13. a3 Rc7 14. Qe3 Na5 15.
Bd3 Qc8 16. Ke2 Nc4 17. Bxc4 dxc4 18. Ne4 Bc6 19. Nf6+ Kh8 20. Bd2 Ng8 21. Qf4
Bxf3+ 22. Kxf3 Rd8 23. Bc3 Ne7 24. Qg3 Nd5 25. Qh4 Nxf6 26. exf6 Bf8 27. Rae1
Rd5 28. Re5 Rxe5 29. dxe5 Rd7 30. Re1 Qc6+ 31. Kg3 Rd3+ 32. Kh2 Qf3 33. Qg3 Qd5
34. Qg2 Qd7 35. Qe4 b5 36. Qa8 Kg8 37. Bb4 Qd8 38. Qxd8 Rxd8 39. Bxf8 Kxf8 40.
Re2 Ke8 41. Kg2 Rd3 42. h4 Kd7 43. h5 Kc6 44. hxg6 hxg6 45. f4 Kd7 46. Kf2 a5
47. Ke1 Rd4 48. Rf2 Kc6 49. g5 b4 50. axb4 axb4 51. f5 exf5 52. e6 fxe6 53. Rh2
Rd7 54. Rh8 Kd5 55. Rg8 Ke4 56. Rxg6 c3 57. bxc3 bxc3 58. Rg8 Rc7 59. Kd1 f4
60. Rg7 Rc5 61. f7 Rf5 62. g6 f3 63. Rh7 f2 64. Rh1 f1=Q+ 65. Rxf1 Rxf1+ 66.
Kc2 Ke5 67. g7 Rxf7 68. g8=Q Rf5 69. Kxc3 Kf6 70. Qf8+ Kg6 71. Qe7 Re5 72. Kd4
Re1 73. Qh4 Rd1+ 74. Ke5 Rd5+ 75. Kxe6 1-0

[Event "X Torneo Leonardo di Bona A"]
[Site "Cutro ITA"]
[Date "2004.04.28"]
[Round "6"]
[White "Ernst, Thomas"]
[Black "Miladinovic, Igor"]
[Result "1-0"]
[WhiteElo "2464"]
[BlackElo "2614"]
[PlyCount "129"]
[EventDate "2004.04.23"]

1. e4 c5 2. Ne2 Nc6 3. Nbc3 e6 4. g3 d5 5. exd5 exd5 6. Bg2 d4 7. Nd5 Bd6 8.
O-O Nge7 9. Nxe7 Nxe7 10. d3 Ng6 11. c3 dxc3 12. Nxc3 O-O 13. Ne4 Be7 14. Be3
f5 15. Nxc5 f4 16. gxf4 Bxc5 17. Bxc5 Rxf4 18. Be3 Rg4 19. f3 Rb4 20. Qd2 a5
21. f4 Bf5 22. Rad1 Nh4 23. Bc5 Ra6 24. Bh1 Bh3 25. Be4 Rxe4 26. dxe4 Rg6+ 27.
Kh1 Bg2+ 28. Qxg2 Qxd1 29. Rxd1 Rxg2 30. Be7 Rg4 31. h3 Rg3 32. Bxh4 Rxh3+ 33.
Kg2 Rxh4 34. Kf3 h5 35. Rd8+ Kh7 36. e5 Rh3+ 37. Ke4 Rh2 38. e6 Re2+ 39. Kf5 h4
40. Rd3 Kh6 41. a4 Kh7 42. Rh3 Kg8 43. b3 Rb2 44. Ke5 Kf8 45. f5 Re2+ 46. Kd5
Rd2+ 47. Ke5 Re2+ 48. Kf4 Rf2+ 49. Kg5 Rb2 50. Kxh4 Ke7 51. Kg5 Rg2+ 52. Kf4
Rg1 53. Rg3 Rf1+ 54. Kg5 Rf2 55. Kg6 Rf1 56. Rc3 Rg1+ 57. Kh7 Rg5 58. Rc7+ Kf8
59. Rf7+ Ke8 60. Kh8 b6 61. Kg8 Rg3 62. Rxg7 Rf3 63. Rf7 Rg3+ 64. Kh7 Rxb3 65.
Kg6 1-0

[Event "X Torneo Leonardo di Bona A"]
[Site "Cutro ITA"]
[Date "2004.04.28"]
[Round "6"]
[White "Janev, Evgeni"]
[Black "Van Hoolandt, Patrick"]
[Result "1/2-1/2"]
[WhiteElo "2405"]
[BlackElo "2237"]
[PlyCount "73"]
[EventDate "2004.04.23"]

1. e4 e5 2. Bc4 Nf6 3. d3 Nc6 4. Nc3 Na5 5. a3 Nxc4 6. dxc4 Bc5 7. Nf3 d6 8. h3
h6 9. Qe2 c6 10. Be3 Bxe3 11. Qxe3 O-O 12. g4 d5 13. exd5 cxd5 14. O-O-O e4 15.
Nxe4 Nxe4 16. Rxd5 Qb6 17. Qxe4 Qxf2 18. Nd4 b6 19. Rd1 Ba6 20. Nf5 Rae8 21.
Qd4 Qxd4 22. R5xd4 Re2 23. b3 Bc8 24. Nd6 Be6 25. Nb5 f5 26. Rd6 fxg4 27. Nd4
Rg2 28. Rxe6 gxh3 29. Re2 Rf4 30. Re8+ Kh7 31. Ree1 h2 32. c3 Rff2 33. Rh1 Ra2
34. Kb1 Rab2+ 35. Kc1 Ra2 36. Kb1 Rab2+ 37. Kc1 1/2-1/2

[Event "X Torneo Leonardo di Bona A"]
[Site "Cutro ITA"]
[Date "2004.04.28"]
[Round "6"]
[White "Kaps, Darja"]
[Black "Napoli, Nicolo'"]
[Result "1/2-1/2"]
[WhiteElo "2185"]
[BlackElo "2127"]
[PlyCount "178"]
[EventDate "2004.04.23"]

1. e4 g6 2. d4 Bg7 3. Nc3 c6 4. Bf4 Qb6 5. Nge2 Qxb2 6. Rb1 Qa3 7. Qd2 d6 8. g3
e5 9. Be3 Nf6 10. f4 O-O 11. Bg2 b5 12. Rb3 Qa5 13. O-O b4 14. Nd1 Ng4 15. dxe5
Nxe3 16. Nxe3 dxe5 17. Qxb4 Qxb4 18. Rxb4 c5 19. Ra4 Nc6 20. Nd5 Rb8 21. f5 f6
22. Nec3 Rb2 23. Rf2 Bd7 24. Ra6 Rb7 25. Bf1 gxf5 26. exf5 Nb4 27. Ra5 Nxd5 28.
Nxd5 Rf7 29. Bc4 Kh8 30. Rxc5 Bf8 31. Ra5 Rb1+ 32. Kg2 Bc6 33. Kh3 Bxd5 34.
Rxd5 Rc7 35. Bb3 Bc5 36. Rd8+ Kg7 37. Rg8+ Kh6 38. Re2 Rg7 39. Rxg7 Kxg7 40.
Re4 Rd1 41. Rg4+ Kh6 42. Re4 Bb6 43. Kg4 Rd4 44. Rxd4 exd4 45. Kf4 Ba5 46. Ke4
Bc3 47. Bc4 Kg7 48. Kd5 h6 49. Ke6 Kf8 50. Bd3 Kg7 51. g4 Be1 52. Kd5 Bc3 53.
Ba6 Kf7 54. h4 Ke7 55. Kc5 Bb2 56. a4 Bc3 57. h5 Kd7 58. Kd5 Bb2 59. a5 Bc3 60.
Bb5+ Ke7 61. a6 Kf7 62. Bd3 Ke7 63. Kc5 Kd7 64. Bc4 Ke7 65. Be6 Bb2 66. Bc4 Bc3
67. Bb5 Bb2 68. Kc6 Ba3 69. Bc4 Bb4 70. Kd5 Bc3 71. Bd3 Bb2 72. g5 fxg5 73. Ke5
g4 74. f6+ Kf7 75. Bc4+ Kf8 76. Kf4 d3 77. Bxd3 Bxf6 78. Kxg4 Ke7 79. Kf5 Bc3
80. Kg6 Bd2 81. Be4 Ke6 82. Bb7 Kd6 83. Kf5 Kc7 84. Ke6 Bg5 85. c4 Bf4 86. c5
Be3 87. Kd5 Bg5 88. Bc6 Bf4 89. Be8 Be3 1/2-1/2

[Event "X Torneo Leonardo di Bona A"]
[Site "Cutro ITA"]
[Date "2004.04.28"]
[Round "6"]
[White "Mrdja, Milan"]
[Black "Del Rio Angelis, Salvador Gabriel"]
[Result "1-0"]
[WhiteElo "2405"]
[BlackElo "2506"]
[PlyCount "53"]
[EventDate "2004.04.23"]

1. e4 e6 2. d4 d5 3. Nc3 Bb4 4. e5 c5 5. a3 Bxc3+ 6. bxc3 Ne7 7. Qg4 O-O 8. Bd3
f5 9. exf6 Rxf6 10. Qh5 h6 11. g4 Nbc6 12. g5 g6 13. Qh4 Nf5 14. Bxf5 Rxf5 15.
Qxh6 Ne7 16. f4 e5 17. dxe5 d4 18. Ne2 Qd5 19. Rg1 Rf7 20. Qh4 Nf5 21. Qf2 b6
22. cxd4 Bb7 23. Bb2 cxd4 24. O-O-O Rc8 25. Nxd4 Qc5 26. e6 Rfc7 27. Rge1 1-0

[Event "X Torneo Leonardo di Bona A"]
[Site "Cutro ITA"]
[Date "2004.04.28"]
[Round "6"]
[White "Naalden, Marc"]
[Black "Antoniacci, Riccardo"]
[Result "1-0"]
[WhiteElo "2068"]
[BlackElo "2048"]
[PlyCount "67"]
[EventDate "2004.04.23"]

1. d4 d5 2. Nf3 Nf6 3. e3 e6 4. Bd3 c5 5. b3 Nc6 6. Bb2 cxd4 7. exd4 Bd6 8. Ne5
Qb6 9. O-O O-O 10. Kh1 Bd7 11. f4 Nb4 12. Be2 Bb5 13. c4 dxc4 14. bxc4 Rac8 15.
cxb5 Bxe5 16. fxe5 Nfd5 17. Ba3 Ne3 18. Qb3 Nxf1 19. Qxb4 Ne3 20. Qd2 Nc2 21.
Bxf8 Nxa1 22. Bc5 Qd8 23. Bd3 b6 24. Bd6 Qh4 25. Nc3 g6 26. Be4 Qg4 27. Bc6 a6
28. bxa6 Rxc6 29. a7 Rc8 30. Bb8 Rxc3 31. a8=Q Rc8 32. Qb7 Rc2 33. Bd6 Qe2 34.
Qb8+ 1-0